Arranque R pido con Word perfect 6 para Windows / Rita Belserene (Registro nro. 12216)
[ vista simple ]
| 000 -LÍDER | |
|---|---|
| fixed length control field | 00560nam a2200157 4500 |
| 008 - ELEMENTOS DE LONGITUD FIJA -- INFORMACIÓN GENERAL | |
| fixed length control field | 0 1994 0a 000 0MEX |
| 020 ## - NÚMERO INTERNACIONAL NORMALIZADO PARA LIBROS | |
| ISBN | 968-6346-95-3 |
| 050 ## - SIGNATURA TOPOGRAFICA DE LA BIBLIOTECA DEL CONGRESO (LC) | |
| Número de Clasificación | Z52 5W65 B46518 |
| 082 ## - NUMERO DE CLASIFICACION DECIMAL DEWEY | |
| Número de Clasificación | 001.642.5 B158a |
| 100 ## - ASIENTO PRINCIPAL--NOMBRE PERSONAL | |
| Nombre personal | Belserene, Rita |
| 245 ## - TÍTULO | |
| Título | Arranque R pido con Word perfect 6 para Windows / Rita Belserene |
| 260 ## - PUBLICACIÓN, DISTRIBUCIÓN, ETC. (PIE DE IMPRENTA) | |
| Lugar de publicación, distribución, etc. | México : Ventura Ediciones |
| 300 ## - DESCRIPCIÓN FÍSICA | |
| Extensión | xv, 118 p. / 23 cm. |
| 650 ## - ASIENTO SECUNDARIO DE MATERIA - TERMINO TEMÁTICO | |
| Término temático o nombre geográfico como elemento de entrada | 1.WORD PERFECT (PROGRAMA PARA COMPUTADORA) \ 2.PROCESAMIENTO DE LA PALABRA -PROGRAMAS PARA COMPUTADORAS |
| 700 ## - ASIENTO SECUNDARIO - NOMBRE PERSONAL | |
| Nombre personal | Schlittler, Jaime tr. |
| No. biblioteca | No. biblioteca | Número de clasificación | Código de barras/Número de adquisición | Número de copia | Tipo de material |
|---|---|---|---|---|---|
| LUIS G. INCLAN | LUIS G. INCLAN | 001.642.5 B158a | 26468 | 4 | Libros |
